El compositor Abundio Martínez : (Record no. 214903)

MARC details
000 -CABECERA
campo de control de longitud fija 00772nam a22002177a 4500
003 - IDENTIFICADOR DEL NÚMERO DE CONTROL
campo de control MX-MxUPN
005 - FECHA Y HORA DE LA ÚLTIMA TRANSACCIÓN
campo de control 20260328064231.0
008 - ELEMENTOS DE LONGITUD FIJA--INFORMACIÓN GENERAL
campo de control de longitud fija 260327s1976 mx|o||| r ||| 000 0 spa d
040 ## - FUENTE DE LA CATALOGACIÓN
Centro catalogador/agencia de origen MX-MxUPN
Lengua de catalogación spa
041 0# - CÓDIGO DE IDIOMA
Código de lengua del texto/banda sonora o título independiente spa
050 #4 - SIGNATURA TOPOGRÁFICA DE LA BIBLIOTECA DEL CONGRESO
Número de clasificación ML410 M37
Número de documento/Ítem C66 1976
245 03 - MENCIÓN DE TÍTULO
Título El compositor Abundio Martínez :
Resto del título (un símbolo mestizo)
260 ## - PUBLICACIÓN, DISTRIBUCIÓN, ETC.
Lugar de publicación, distribución, etc. Pachuca :
Nombre del editor, distribuidor, etc. Secretaría de Desarrollo Econòmico y Social, Departamento de Accion Cultural ,
Fecha de publicación, distribución, etc. 1976
300 ## - DESCRIPCIÓN FÍSICA
Extensión 103 páginas :
Otras características físicas fotografías
490 0# - MENCIÓN DE SERIE
Mención de serie Colección Toltecatl ;
Designación de volumen o secuencia 1
600 14 - ASIENTO SECUNDARIO DE MATERIA - NOMBRE PERSONAL
Nombre de persona Martínez, Abundio,
Fechas asociadas al nombre 1865-1914
9 (RLIN) 59195
650 #2 - ASIENTO SECUNDARIO DE MATERIA - TERMINO TEMATICO
Término de materia o nombre geográfico como elemento de entrada Compositores mexicanos
Subdivisión de forma Biografía
9 (RLIN) 9745
700 1# - ASIENTO SECUNDARIO--NOMBRE DE PERSONAL
Nombre de persona Rublúo, Luis,
Fechas asociadas al nombre 1940-
Código de función/relación estudio preliminar
9 (RLIN) 43716
902 ## - ELEMENTOS DE DATOS B LOCAL, LDB (RLIN)
Creó VìctorGodìnez/270326
942 ## - ELEMENTOS DE PUNTO DE ACCESO ADICIONAL (KOHA)
Fuente del sistema de clasificación o colocación Library of Congress Classification
Tipo de ítem Koha Libro
Holdings
Estado de retiro Estado de pérdida Fuente del sistema de clasificación o colocación Estado dañado No para préstamo Código de colección Localización permanente Ubicación/localización actual Ubicación en estantería Fecha de adquisición Total de préstamos Clasificación Código de barras Fecha visto por última vez Precio válido a partir de Tipo de ítem Koha
    Library of Congress Classification     Colección General Bib. Gregorio Torres Quintero Bib. Gregorio Torres Quintero Planta baja 27/03/2026   ML410 M37 C66 1976 243281 27/03/2026 27/03/2026 Libro